000 00656nam a2200217Ia 4500
003 GCL
008 140319s9999 xx 000 0 ara d
040 _aGCL /
_cGCL
082 0 4 _a372.86
_bع ط
100 1 _aعفاف عبدالكريم
245 1 0 _aطرق التدريس فى التربية البدنية والرياضة /
_cعفاف عبدالكريم
260 _a[S.N] :
_bمكتبه النهضه المصريه ،
_c1990
300 _a529 ص
490 _a
650 0 4 _aمصر
650 0 4 _aطرق التدريس
650 0 4 _aالتربية
650 0 4 _aالمناهج
650 0 4 _aالتربية البدنية
942 _2ddc
_cBK
999 _c54012
_d54012